Spell the Marvel Character #224 - Statistics

General Stats
  • This quiz has been taken 11 times
  • The average score is 11 of 12
Answer Stats
Picture Answer % Correct
Daredevil
100%
Elsa Bloodstone
100%
Genis-Vell
100%
Iron Lad
100%
Lady Fantomex
100%
Lockheed
100%
Old Lace
100%
Anti-Venom
90%
Polaris
90%
Leopard Girl
80%
Ricochet
60%
Risque
50%
No matching quizzes found
Score Distribution
Percent of People with Each Score
Percentile by Number Answered
Your Score History
You have not taken this quiz